00401nam a2200157Ia 4500003000400000008004100004040001600045082001300061100002200074245004200096260003400138300001000172490002400182650001500206650002200221GCL140319s9999 xx 000 0 eng d aGCL / cGCL04a843bS C1 aSOLLERS, PHILIPPE10aLE COEUR ABSOLU / cSOLLERS, PHILIPPE a[S.N] : bGALLIMARD ، c1991 a445 P aCOLLECTION FOLIOv004aLITERATURE04aFRENCH LITERATURE